000 00360nam a2200133Ia 4500
005 20260326100046.0
008 260326s9999||||xx |||||||||||||| ||und||
100 _aBoari, Adamo
245 0 _aLa Construcción de un teatro /
_cAdamo Boari
260 _bDirección de arquitectura y conservación
300 _a91 p.
650 _aARQUITECTURA CIVIL
942 _cBK
999 _c7183
_d7183